MARC details
| 000 -CABECERA |
| campo de control de longitud fija |
02474nam a2200385 i 4500 |
| 003 - IDENTIFICADOR DEL NÚMERO DE CONTROL |
| campo de control |
DO-SdBNP |
| 005 - FECHA Y HORA DE LA ÚLTIMA TRANSACCIÓN |
| campo de control |
20231109094526.0 |
| 007 - CAMPO FIJO DE DESCRIPCIÓN FÍSICA--INFORMACIÓN GENERAL |
| campo de control de longitud fija |
ta |
| 008 - DATOS DE LONGITUD FIJA--INFORMACIÓN GENERAL |
| campo de control de longitud fija |
220208e2021 dr ao||gr|||| 001 edspa d |
| 020 ## - NÚMERO INTERNACIONAL ESTÁNDAR DEL LIBRO |
| Número Internacional Estándar del Libro |
9789945221213 |
| 040 ## - FUENTE DE LA CATALOGACIÓN |
| Centro catalogador/agencia de origen |
DO-SdBNP |
| Lengua de catalogación |
spa |
| Centro/agencia transcriptor |
BNPHU |
| Normas de descripción |
rda |
| 082 #4 - NÚMERO DE LA CLASIFICACIÓN DECIMAL DEWEY |
| Número de clasificación |
394.25097293 |
| Número de documento/Ítem |
T266c, 2021 |
| Número de edición |
22 |
| 100 1# - ENTRADA PRINCIPAL--NOMBRE DE PERSONA |
| Nombre de persona |
Tejeda Ortíz, Dagoberto, |
| Fechas asociadas al nombre |
1940- |
| 9 (RLIN) |
1575 |
| Término indicativo de función/relación |
autor |
| 245 13 - MENCIÓN DE TÍTULO |
| Título |
El carnaval dominicano : |
| Resto del título |
antecedentes, tendencias y perspectivas / |
| Mención de responsabilidad, etc. |
Dagoberto Tejeda Ortiz ; fotografía, Mariano Hernández ; corrector de estilo Amarilis Mota de Tejeda |
| 250 ## - MENCIÓN DE EDICIÓN |
| Mención de edición |
2a. ed. |
| 264 ## - PRODUCCIÓN, PUBLICACIÓN, DISTRIBUCIÓN, FABRICACIÓN Y COPYRIGHT |
| Producción, publicación, distribución, fabricación y copyright |
Santo Domingo : |
| Nombre del de productor, editor, distribuidor, fabricante |
Instituto Panamericano de Geografía e Historia, |
| Fecha de producción, publicación, distribución, fabricación o copyright |
2021. |
| 300 ## - DESCRIPCIÓN FÍSICA |
| Extensión |
704 páginas : |
| Otras características físicas |
ilustraciones, fotos; |
| Dimensiones |
25 cm. |
| 336 ## - TIPO DE CONTENIDO |
| Fuente |
rdacontent |
| Término de tipo de contenido |
texto |
| Código de tipo de contenido |
txt |
| 337 ## - TIPO DE MEDIO |
| Fuente |
rdamedia |
| Nombre/término del tipo de medio |
sin mediación |
| Código del tipo de medio |
n |
| 338 ## - TIPO DE SOPORTE |
| Fuente |
rdacarrier |
| Nombre/término del tipo de soporte |
volumen |
| Código del tipo de soporte |
nc |
| 500 ## - NOTA GENERAL |
| Nota general |
Incluye datos biográficos del autor en la solapa de la cubierta. |
| 504 ## - NOTA DE BIBLIOGRAFÍA, ETC. |
| Nota de bibliografía, etc. |
Bibliografía : p. 687- 701 |
| 505 0# - NOTA DE CONTENIDO CON FORMATO |
| Nota de contenido con formato |
Introducción -- |
| Información miscelánea |
Capítulo I. |
| Título |
Antecedentes históricos del carnaval.-- |
| Información miscelánea |
Capítulo II-- |
| Título |
Antecedentes del carnaval dominicano.-- |
| Información miscelánea |
Capítulo III-- |
| Título |
El carnaval colonial.-- |
| Información miscelánea |
Capítulo IV.-- |
| Título |
El carnaval: desde la Independencia hasta la Primera Intervención Norteamericana.-- |
| Información miscelánea |
Capítulo V-- |
| Título |
El carnaval y la era de Trujillo.-- |
| Información miscelánea |
Capítulo VI-- |
| Título |
Postrujillismo y carnaval.-- |
| Información miscelánea |
Capítulo VII-- |
| Título |
Personajes, comparsas, carrozas y máscaras del carnaval dominicano.-- |
| Información miscelánea |
Capítulo VIII-- |
| Título |
Características de los carnavales locales.-- |
| Información miscelánea |
Capítulo IX-- |
| Título |
El carnaval "cimarrón" dominicano.-- |
| Información miscelánea |
Capítulo X-- |
| Título |
Tendencias y perspectiva del carnaval dominicano.-- |
| Información miscelánea |
Capítulo XI-- |
| Título |
¿Hacia dónde va el carnaval dominicano.?.-- |
| -- |
Citas bibliográficas.-- |
| -- |
Bibliografía.-- |
| -- |
Publicaciones Instituto Panamericano de Geografía e Historia (IPGH) Sección Nacional Dominicana. |
| 590 ## - NOTA LOCAL (RLIN) |
| Nota local |
Invenetariado 2023/BT |
| 650 #4 - PUNTO DE ACCESO ADICIONAL DE MATERIA--TÉRMINO DE MATERIA |
| Término de materia o nombre geográfico como elemento de entrada |
Folcklor |
| Subdivisión geográfica |
República Dominicana |
| 9 (RLIN) |
81174 |
| 650 #4 - PUNTO DE ACCESO ADICIONAL DE MATERIA--TÉRMINO DE MATERIA |
| Término de materia o nombre geográfico como elemento de entrada |
Carnaval dominicano |
| 9 (RLIN) |
81175 |
| 650 #4 - PUNTO DE ACCESO ADICIONAL DE MATERIA--TÉRMINO DE MATERIA |
| Término de materia o nombre geográfico como elemento de entrada |
República Dominicana -- Vida social y costumbres |
| 9 (RLIN) |
81176 |
| 650 #4 - PUNTO DE ACCESO ADICIONAL DE MATERIA--TÉRMINO DE MATERIA |
| Término de materia o nombre geográfico como elemento de entrada |
Identidad cultural |
| 9 (RLIN) |
81177 |
| 650 #4 - PUNTO DE ACCESO ADICIONAL DE MATERIA--TÉRMINO DE MATERIA |
| Término de materia o nombre geográfico como elemento de entrada |
Carnaval |
| 9 (RLIN) |
12251 |
| Subdivisión geográfica |
República Dominicana |
| Subdivisión general |
Historia |
| 700 1# - PUNTO DE ACCESO ADICIONAL--NOMBRE DE PERSONA |
| 9 (RLIN) |
59875 |
| Nombre de persona |
Hernández, Mariano, |
| Término indicativo de función/relación |
fotografía |
| 700 1# - PUNTO DE ACCESO ADICIONAL--NOMBRE DE PERSONA |
| Nombre de persona |
Mota Tejeda, Amarilis de, |
| Término indicativo de función/relación |
corrector de estilo |
| 9 (RLIN) |
81781 |
| 710 2# - PUNTO DE ACCESO ADICIONAL--NOMBRE DE ENTIDAD CORPORATIVA |
| Nombre de entidad corporativa o nombre de jurisdicción como elemento de entrada |
Instituto Panamericano de Geografía e Historia. Sección Nacional de Dominicana, |
| 9 (RLIN) |
81286 |
| 910 ## - DATOS DE OPCIÓN DEL USUARIO (OCLC) |
| Datos de opción del usuario |
Btavárez/Validado. Control de calidad MFF |
| 942 ## - ELEMENTOS DE PUNTO DE ACCESO ADICIONAL (KOHA) |
| Fuente del sistema de clasificación o colocación |
Dewey Decimal Classification |
| Tipo de ítem Koha |
Libro |